00490nam a2200181Ia 450000500170000000800410001704000190005804100120007708200130008910000160010224500440011826000310016230000120019344000290020550400500023465000140028485000100029820240120104630.0131103s9999 xx 000 0 und d aLoreto College aEnglish a370bVAI aVaizey,John aEducation for Tomorrow, cJohn Vaizey aDelhibPenguin Booksc1967 a121 p.  aWorld University Library aIncludes bibliographical references and index aEducation aLCLIB